书目信息 |
| 题名: |
建筑给排水实用新技术
|
|
| 作者: | 赵基兴 编著 | |
| 分册: | ||
| 出版信息: | 上海 同济大学出版社 2000.05 |
|
| 页数: | 312页 | |
| 开本: | 32开 | |
| 丛书名: | ||
| 单 册: | ||
| 中图分类: | TU991-39 | |
| 科图分类: | ||
| 主题词: | 给水工程:市政工程 , 城市供水系统 | |
| 电子资源: | ||
| ISBN: | 7-5608-2122-7 | |
| 000 | 00588nam0 2200193 45 | |
| 001 | 0009151695 | |
| 005 | 20000915162253.1 | |
| 010 | @a7-5608-2122-7@dRMB 16.00 | |
| 100 | @a20000915d2000 km y0chiy0120 ea | |
| 101 | 0 | @achi |
| 200 | 1 | @a建筑给排水实用新技术@AJian Zhu Gei Pai Shui Shi Yong Xin Ji Shu@f赵基兴编著@FZhao Ji Xing Bian Zhu |
| 210 | @a上海@c同济大学出版社@d2000.05 | |
| 215 | @a312页@d32开 | |
| 606 | 0 | @a给水工程:市政工程 |
| 606 | 0 | @a城市供水系统 |
| 690 | @aTU991-39@v3 | |
| 701 | 0 | @a赵基兴@4编著 |
| 801 | @aCN@bPftUser@c20000915 | |
| 905 | @b144176-185@dTU991-39@eZH889@f10 | |
| 建筑给排水实用新技术/赵基兴编著.-上海:同济大学出版社,2000.05 |
| 312页;32开 |
| ISBN 7-5608-2122-7:RMB 16.00 |
| ● |
| 相关链接 |
|
|
|
正题名:建筑给排水实用新技术
索取号:TU991-39/ZH889
 
预约/预借
| 序号 | 登录号 | 条形码 | 馆藏地/架位号 | 状态 | 备注 |
| 1 | 144176 | 201441760 | 自科二线404/404自科库 21排4列6层/ [索取号:TU991-39/ZH889] | 在馆 | |
| 2 | 144177 | 201441779 | 能源与建筑环境工程学院资料室/101建筑库 94排3列1层/ [索取号:TU991-39/ZH889] | 在馆 | |
| 3 | 144178 | 201441788 | 建筑库201/201建筑库 127排2列4层/ [索取号:TU991-39/ZH889] | 在馆 | |
| 4 | 144179 | 201441797 | 自科二线404/404自科库 27排2列5层/ [索取号:TU991-39/ZH889] | 在馆 | |
| 5 | 144180 | 201441804 | 自科二线404/404自科库 21排4列6层/ [索取号:TU991-39/ZH889] | 在馆 | |
| 6 | 144181 | 201441813 | 自科二线404/404自科库 27排2列5层/ [索取号:TU991-39/ZH889] | 在馆 | |
| 7 | 144182 | 201441822 | 自科二线404/404自科库 22排5列3层/ [索取号:TU991-39/ZH889] | 在馆 | |
| 8 | 144183 | 201441831 | 自科二线404/404自科库 21排4列6层/ [索取号:TU991-39/ZH889] | 在馆 | |
| 9 | 144184 | 201441840 | 自科二线404/101建筑库 94排3列1层/ [索取号:TU991-39/ZH889] | 在馆 | |
| 10 | 144185 | 201441859 | 自科二线404/404自科库 21排4列6层/ [索取号:TU991-39/ZH889] | 在馆 | |
| 11 | 352386 | 203523865 | 能源与建筑环境工程学院资料室/101建筑库 94排3列1层/ [索取号:TU991-39/ZH889] | 在馆 | |
| 12 | 352387 | 203523874 | 能源与建筑环境工程学院资料室/101建筑库 94排3列1层/ [索取号:TU991-39/ZH889] | 在馆 | |
| 13 | 352388 | 203523883 | 自科二线404/404自科库 26排4列2层/ [索取号:TU991-39/ZH889] | 在馆 | |
| 14 | 352389 | 203523892 | 自科二线404/404自科库 21排4列6层/ [索取号:TU991-39/ZH889] | 在馆 |